000 00825cam a22002413a 4500
001 18589
003 PGUSA
005 20140828083409.0
008 060615s2006||||xxu|||||s|||||000 | eng d
040 _aPGUSA
_beng
042 _adc
050 4 _aRX
100 1 _aMassachusetts Homoeopathic Medical Society
245 1 4 _aThe Act Of Incorporation And The By-Laws Of The Massachusetts Homeopathic Medical Society
_h[electronic resource] /
_cMassachusetts Homoeopathic Medical Society
260 _bProject Gutenberg,
_c2006
506 _aPublic domain in the USA.
516 _aElectronic text
653 _aMassachusetts Homoeopathic Medical Society
653 _aHomeopathy -- Massachusetts -- Societies, etc.
830 0 _aProject Gutenberg
_v18589
856 4 0 _uhttp://www.gutenberg.org/ebooks/18589
942 _cEB
999 _c247844
_d247844